Freed from disgrace = (Record no. 27808)
[ view plain ]
| 000 -LEADER | |
|---|---|
| fixed length control field | 00995nam a22002897a 4500 |
| 005 - DATE AND TIME OF LATEST TRANSACTION | |
| control field | 20090623152647.0 |
| 008 - FIXED-LENGTH DATA ELEMENTS--GENERAL INFORMATION | |
| fixed length control field | 070119s2007 ii 000 1 eng |
| 010 ## - LCCN (DPL NO) | |
| LC control number | ENG-94197 |
| 020 ## - INTERNATIONAL STANDARD BOOK NUMBER | |
| International Standard Book Number | 9780198062189 |
| Terms of availability | 145.00 |
| 020 ## - INTERNATIONAL STANDARD BOOK NUMBER | |
| International Standard Book Number | 0198062184 |
| Terms of availability | 145.00 |
| 035 ## - SYSTEM CONTROL NUMBER | |
| System control number | EN-77730 |
| 037 ## - SOURCE OF ACQUISITION | |
| Source of stock number/acquisition | DBAD / PUB |
| 040 ## - CATALOGING SOURCE | |
| Original cataloging agency | dpl |
| Language of cataloging | English |
| 042 ## - AUTHENTICATION CODE | |
| Authentication code | lcode |
| 082 ## - DEWEY DECIMAL CLASSIFICATION NUMBER | |
| Classification number | N |
| 100 ## - MAIN ENTRY--PERSONAL NAME | |
| Personal name | Phanishwar Nath Renu |
| 245 ## - TITLE STATEMENT | |
| Title | Freed from disgrace = |
| Remainder of title | Kalankmukti / |
| Statement of responsibility, etc | by Phanishwar Nath Renu ; translated from Hindi by Satti Khanna |
| 246 ## - VARYING FORM OF TITLE | |
| Title proper/short title | Kalankmukti |
| 260 ## - PUBLICATION, DISTRIBUTION, ETC. (IMPRINT) | |
| Place of publication, distribution, etc | New Delhi |
| Name of publisher, distributor, etc | Oxford University Press |
| Date of publication, distribution, etc | 2009 |
| 270 ## - ADDRESS | |
| Address | YMCA Library Building, Jai Singh Road, |
| City | New Delhi |
| Postal code | 110001 |
| 300 ## - PHYSICAL DESCRIPTION | |
| Extent | viii, 119 p. |
| Dimensions | 23cm(pbk) |
| 500 ## - GENERAL NOTE | |
| General note | Novel. |
| 500 ## - GENERAL NOTE | |
| General note | Includes glossary |
| 700 ## - ADDED ENTRY--PERSONAL NAME | |
| Personal name | Khanna, Satti. |
| 942 ## - ADDED ENTRY ELEMENTS (KOHA) | |
| Source of classification or shelving scheme | Dewey Decimal Classification |
| Item type | English Books |
| Call number suffix | REN |
| Classification part | N |
| Withdrawn status | Lost status | Source of classification or shelving scheme | Damaged status | Not for loan | Collection code | Home library | Current library | Date acquired | Source of acquisition | Cost, normal purchase price | Total Checkouts | Full call number | Barcode | Date last seen | Copy number | Cost, replacement price | Koha item type |
|---|---|---|---|---|---|---|---|---|---|---|---|---|---|---|---|---|---|
| Dewey Decimal Classification | Not For Loan | Non-fiction | D.B.Act.Division | D.B.Act.Division | 23/06/2009 | DBAD / PUB | 145.00 | N REN | EN-77730 | 23/06/2009 | 1 | 145.00 | English Books |
